000 004560000a22001210004500
090 _aAs
_bSeriadas
245 1 0 _aImpacto económico del daño causado por defoliadores en plantaciones de Pinus patula Schiede & Deppe en el Norte de Antioquia, Colombia
041 0 _aEspañol
700 1 _aMadrigal C., Alejandro
_999837
100 1 _adel Valle A., Jorge Ignacio
_917551
942 _cARTICULO
773 1 _tCrónica Forestal y del Medio Ambiente
_h11
_q47-57
_d1996
999 _c15576
_d15576